Možnosti rozvoja malých a stredných podnikov v slovenskej časti Karpatského euroregiónu

Vznik Karpatského euroregiónu (KER), štruktúra, slovenská časť Karpatského euroregiónu (SKER). Analýza podnikateľského prostredia SKER - je to pomerne zaostalý región, v porovnaní s vyspelými krajinami EÚ. Odporúčania v oblasti zlepšenia cezhraničnej spolupráce MSP v SKER. Odporúčania by mali smero...

Full description

Saved in:
Bibliographic Details
Main Author: Daňková, Alena
Format: Book Chapter
Language:Slovak
Subjects:
Tags: Add Tag
No Tags, Be the first to tag this record!

MARC

LEADER 00000naa$a2200000$$$4500
001 0022880
005 20240502071415.0
041 0 |a slo 
044 |a SK 
245 1 0 |a Možnosti rozvoja malých a stredných podnikov v slovenskej časti Karpatského euroregiónu  |c Alena Daňková 
520 |a Vznik Karpatského euroregiónu (KER), štruktúra, slovenská časť Karpatského euroregiónu (SKER). Analýza podnikateľského prostredia SKER - je to pomerne zaostalý región, v porovnaní s vyspelými krajinami EÚ. Odporúčania v oblasti zlepšenia cezhraničnej spolupráce MSP v SKER. Odporúčania by mali smerovať do oblasti výroby, vybraných služieb a aktívnych foriem cestovného ruchu. 
610 2 0 |a euroregióny 
610 2 0 |a Slovensko 
610 2 0 |a prostredie podnikateľské 
610 2 0 |a podnik malý 
610 2 0 |a podnik stredný 
610 2 0 |a spolupráca cezhraničná 
610 2 0 |a ruch cestovný 
100 1 |a Daňková, Alena